Words That Rhyme With "Got" - Statistics

General Stats
  • This quiz has been taken 251 times
    216 since last reset
  • The average score is 24 of 38
Answer Stats
Words % Correct
Pot
97%
Hot
96%
Not
95%
Lot
94%
Dot
91%
Rot
90%
Cot
87%
Sot
85%
Clot
83%
Shot
83%
Tot
82%
Jot
81%
Slot
81%
Spot
78%
Blot
75%
Plot
75%
Trot
72%
Got
69%
Snot
69%
Scot
64%
What
61%
Bought
60%
Yacht
54%
Brought
51%
Fought
51%
Thought
50%
Caught
49%
Knot
49%
Taught
48%
Ought
47%
Swat
46%
Sought
43%
Watt
39%
Taut
25%
Wrought
22%
Fraught
21%
Squat
21%
Scott
20%
No matching quizzes found
Score Distribution
Percent of People with Each Score
Percentile by Number Answered
Your Score History
You have not taken this quiz since the last reset